01491nam a2200205Ia 4500003000900000005001700009008004100026040003100067040001300098041000800111100004300119245003500162260003800197300001800235520069100253942001200944999001700956952011500973952019701088IT-RoPAU20220918175839.0120407s9999 xx 000 0 und d aIT-RoPAUc20140509153524.0 cIT-RoPAU aita aPie Discepole del Divin Maestro924316 aCostituzioni e Direttorio 1985 c1985aRomabCasa Generalizia PDDM a339 p.c17 cm aIndice generale Presentazione Costituzioni Decreto Fonti e Sigle Indice per articolo I. Vocazione e missione della Pia Discepola II. Vita consacrata III. Vita fraterna in comunità€ IV. Vita apostolica V. Ammissione delle candidate e formazione dei membri VI. Governo VII. Amministrazione dei beni temporali VIII. Separazione dei membri dall'Istituto IX. Le Costituzioni Direttorio Fonti e Sigle Indice per articoli I. Vocazione e missione della Pia Discepola II. Vita consacrata III. Vita fraterna in comunità€ IV. Vita apostolica V. Ammissione delle candidate e formazione dei membri VI. Governo della Congregazione VII. Amministrazione dei beni temporali VIII. Le Costituzioni  cBK2ddc c32976d32976 00102ddc406PD_5_00000000000000071aPAULUSbPAULUSd2012-04-11l0oPD5r2012-04-11 00:00:00w2012-04-11yBK 00102ddc406PD_5_00000000000000071aPAULUSbPAULUSd2012-04-11l0oPD5r2012-04-11 00:00:00w2012-04-11yBKzInserito da: Sergio In data: 27 settembre 2011 fondo: Via A.Severo 56 Progr:4389